000 01524nam a2200301Ia 4500
003 OSt
005 20200811151511.0
008 191128s2007 c fr 000 0 s d
020 _a9789588295312
040 _aCO-JMCR
_cCO-JMCR
041 0 _aspa
082 0 4 _a343.0994 /
_bF222i
_223
100 1 _aFarfán Molina, Francisco Javier,
_eautor
_98599
245 1 3 _aLa interceptación de comunicaciones telefónicas en el proceso penal y disciplinario /
_cFrancisco Farfán Molina
250 _aPrimera edición
260 _aBogotá :
_bProcuraduría General de la Nación,
_c2007
300 _a231 páginas ;
_c24 cm.
490 0 _aDerecho penal ;
_v9
504 _aBibliografía: páginas 225-231
505 0 _aDiligencias investigativas que restringen derechos fundamentales y principio de proporcionalidad -- Requisitos mínimos de la intervención telefónica legítima -- El objeto de la injerencia -- Derecho fundamental al secreto de las comunicacionese
520 3 _aLas constituciones políticas reconocen generalmente, en su parte dogmática, el secreto de las comunicaciones como un derecho fundamental de aplicación inmediata y exigible judicialmenten, que garantiza al ciudadano la libertad para sustraer.
650 1 4 _aIntervenciones telefónicas
_xlegislación
_98600
650 1 4 _aTelecomunicaciones
_xlegislación
_2
_zColombia
_98601
650 1 4 _aDerecho penal
_zColombia
_98555
650 1 4 _aProceso penal
_zColombia
_98602
650 1 4 _aProceso disciplinario
_zColombia
_98603
942 _2ddc
_cBK
999 _c4685
_d4685